Every Premier League Goalscorer for Middlesbrough - Statistics

General Stats
  • This quiz has been taken 68 times
  • The average score is 33 of 97
Answer Stats
Player % Correct
Adam Johnson
80%
Stewart Downing
80%
Juninho
78%
Fabrizio Ravanelli
71%
Mark Viduka
71%
Álvaro Negredo
66%
Jimmy Floyd Hasselbaink
66%
Gareth Southgate
59%
Emerson
54%
Gaizka Mendieta
54%
Afonso Alves
51%
Ben Gibson
51%
Chris Morris
51%
Fábio Rochemback
51%
Paul Gascoigne
51%
Colin Cooper
49%
Massimo Maccarone
49%
Gary Pallister
46%
Gastón Ramírez
46%
Boudewijn Zenden
44%
George Boateng
44%
Hámilton Ricard
44%
James Morrison
44%
Joseph-Désiré Job
44%
Lee Cattermole
44%
Cristhian Stuani
41%
Grant Leadbitter
41%
Patrick Bamford
41%
Paul Ince
41%
Ugo Ehiogu
41%
Yakubu Ayegbeni
41%
Gianluca Festa
39%
Robert Huth
39%
Alen Bokšić
37%
Bernie Slaven
37%
Brian Deane
37%
Chris Riggott
37%
Emanuel Pogatetz
37%
Szilárd Németh
37%
Tuncay Şanlı
37%
Craig Hignett
34%
David Wheater
34%
Franck Queudrue
34%
Gary O'Neil
34%
Tommy Wright
34%
Abel Xavier
32%
Dean Gordon
32%
Jonathan Greening
32%
Julio Arca
32%
Marten de Roon
32%
Nick Barmby
32%
Paul Wilkinson
32%
Robbie Mustoe
32%
Christian Karembeu
29%
Curtis Fleming
29%
Daniel Ayala
29%
Geremi
29%
John Hendrie
29%
Marlon King
29%
Mido
29%
Mikkel Beck
29%
Jamie Pollock
27%
Jan Åge Fjørtoft
27%
Luke Young
27%
Michael Ricketts
27%
Phil Stamp
27%
Alun Armstrong
24%
Andy Townsend
24%
Calum Chambers
24%
Jérémie Aliadière
24%
Malcolm Christie
24%
Rudy Gestede
24%
Steve Vickers
24%
Stuart Parnaby
24%
Andy Campbell
22%
Danny Graham
22%
Jimmy Phillips
22%
Michael Reiziger
22%
Neil Cox
22%
Benito Carbone
20%
Matthew Bates
20%
Christian Ziege
17%
Noel Whelan
17%
Phil Whelan
17%
Allan Johnston
15%
Carlos Marinelli
15%
Clayton Blackmore
15%
Dean Windass
15%
Graham Kavanagh
15%
Robbie Stockdale
15%
Vladimír Kinder
15%
Willie Falconer
15%
Ben Hutchinson
12%
Alan Kernaghan
10%
Chris Freestone
5%
Mike Summerbell
5%
Nicky Mohan
5%
No matching quizzes found
Score Distribution
Percent of People with Each Score
Percentile by Number Answered
Your Score History
You have not taken this quiz